04041cam a22017534i 4500003000900000005001700009008004100026020001800067035002700085040004300112041001300155082001700168100004000185245013700225264002600362300005500388336002100443337002500464338002300489504004700512504002200559505040300581526000900984526000900993526001001002526001001012526001001022526001001032526001001042526001001052526001001062526001001072526001001082526001001092526001001102526001001112526001001122526001001132526001001142526001001152526001001162526001001172526001001182526001001192526001001202526001001212526001001222526001001232526001001242526001001252526001001262526001001272526001001282526001001292526001001302526001001312526001001322526001001332526001001342526001001352526001001362526001001372526001001382526001001392526001001402526001001412526001001422526001001432526001001442526000901452526000901461526000901470526000901479526000901488526000901497526000901506526000901515526000901524526000901533526000901542526000901551526000901560526000901569526000901578526000901587526000901596526000901605526000901614526000901623526000901632526000901641526000901650526000901659526000901668526000901677526000901686526000901695526000901704526000901713526000901722526000901731526001001740526000901750526000901759526000901768526000901777526000901786526000901795526000901804526000801813526000801821526000801829526000801837526000801845526000801853526000801861526000801869526000801877526000801885526000801893526000801901526000801909526000801917526000901925526000801934526000801942526000801950526000801958526000801966526000901974526000801983526000801991526000801999526000802007526000802015526000902023526000802032526000802040526000902048526000802057526000802065526000802073526000802081534006402089541003002153650002902183700004602212700002902258PE-LiUPU20250813165330.0151117s2010 sp a rb 001 0 spa d a9788471748058 a(Sirsi) i9788471748058 aCO-BoBLAbspacCO-BoBLAdPE-LiUPUerda1 aspaheng04a658.311bC181 aChamorro-Premuzic, Tomás,eautor.10aPsicología de la selección de personal /cTomás Chamorro-Premuzic, Adrian Furnham ; traducido por Chúss Fernández Vélez. 1aMadrid :bTea,c2010. a367 páginas :bilustraciones ;c25 centímetros atext2rdacontent aunmediated2rdamedia avolume2rdacarrier aIncluye bibliografía: páginas 327-359. aIncluye índice.0 aMétodos de selección de personal -- Primeros métodos no cientificos -- La entrevista -- Las cartas de recomendación -- Los datos biográficos -- Las pruebas situacionales y las calificaciones académicas -- Los constructos psicológicos en la selección de personal -- La inteligencia general -- Los rasgos de personalidad -- La creatividad -- El liderazgo -- El talento -- Biografía. aP203 aP200 aSEG65 aSEG64 aSEG63 aSEG62 aSEG61 aSEG60 aSEG59 aSEG58 aSEG57 aSEG56 aSEG55 aSEG54 aSEG53 aSEG52 aSEG51 aSEG50 aSEG49 aSEG48 aSEG47 aSEG46 aSEG24 aSEG23 aSEG22 aSEG21 aSEG20 aSEG19 aSEG18 aSEG17 aSEG16 aSEG14 aSEG13 aSEG12 aSEG11 aSEG10 aSEG09 aSEG06 aSEG05 aSEG04 aSEG03 aSEG02 aSEG68 aSEG66 aSEG45 aSEG25 aSEG01 aP163 aP162 aP161 aP160 aP159 aP158 aP157 aP156 aP155 aP154 aP153 aP152 aP151 aP150 aP149 aP142 aP141 aP140 aP139 aP138 aP137 aP132 aP131 aP130 aP126 aP125 aP124 aP123 aP115 aP122 aP121 aP116 a P114 aP112 aP111 aP104 aP103 aP102 aP101 aP100 aP96 aP95 aP93 aP92 aP91 aP88 aP83 aP82 aP79 aP78 aP75 aP74 aP71 aP69 a P51 aP49 aP48 aP47 aP33 aP31 a P30 aP29 aP27 aP26 aP25 aP24 a P22 aP10 aP09 a P08 aP06 aP05 aP04 aP01 pTítulo original :tThe psychology of personnel selection. Psicología;g001-001614;4 aSelección de personal.1 aFernández Vélez, Chúss,etraductor.1 aFurnham, Adrian,eautor.